000 00281nam a22001217a 4500
008 170817b xxu||||| |||| 00| 0 eng d
041 _aeng
080 _210 ED
_a51
100 _a36
101 _aMAT
245 _aELEMENTARY TECHNICAL MATHEMATICAL
_cEWEN.D
942 _2udc
_cBK
999 _c23933
_d23933